[Event "Leiden op"]
[Site "Leiden"]
[Date "1995.02.25"]
[Round "2"]
[White "Ziatdinov, Raset"]
[Black "Nicholson, John G"]
[Result "1-0"]
[WhiteElo "2440"]
[BlackElo "2065"]
[PlyCount "57"]
[EventDate "1995.02.??"]
[EventType "swiss"]
[EventRounds "6"]
[EventCountry "NED"]
[SourceTitle "EXT 2003"]
[Source "ChessBase"]
[SourceDate "2002.11.25"]
[SourceVersion "1"]
[SourceVersionDate "2002.11.25"]
[SourceQuality "1"]

1. e4 c5 2. Nf3 d6 3. d4 cxd4 4. Nxd4 Nf6 5. Nc3 e6 6. f4 a6 7. Bd3 b5 8. 0-0 Bb7 9. a3 Nbd7 10. Qe1 Nc5 11. Kh1 Be7 12. b4 Nxd3 13. cxd3 0-0 14. Nb3 Rc8 15. Bd2 e5 16. a4 bxa4 17. Rxa4 exf4 18. Bxf4 Nd7 19. Ra5 Ne5 20. Qd2 Qd7 21. Nd5 Bd8 22. Bxe5 dxe5 23. Nc5 Qc6 24. Rfa1 Re8 25. Nxb7 Qxb7 26. Rxa6 h6 27. h3 Bg5 28. Qf2 Ra8 29. Ra7 1-0